Géographie de Game of Thrones - Statistiques

Statistiques générales
  • Ce quiz a été pris 62 fois
  • Le résultat moyen est 19 sur 50
Statistiques - réponses
Nom de chaque cité ville lieux % Correct
17 Port-Réal
95%
2 Winterfell
95%
19 Castral Roc
81%
16 Peyredragon
64%
29 Braavos
62%
23 Hautjardin
62%
49 Îles d'Été
62%
41 Meereen
62%
25 Dorne
60%
7 Harrenhal
55%
9 Jumeaux
55%
8 Vivesaigues
52%
12 Îles de Fer
50%
21 Accalmie
48%
27 Essos
48%
42 Est d'Essos
48%
11 Eyrié
48%
46 Qarth
48%
1 Westeros
48%
39 Astapor
45%
31 Volantis
45%
43 Mer Dothrak
43%
40 Yunkaï
40%
30 Pentos
38%
26 Lancehélion
36%
47 Valyria
36%
24 Villevieille
36%
48 Asshaï
33%
5 De l'autre côté du Mur
33%
4 Mur
33%
34 Myr
33%
13 Pyk
33%
6 Conflans
31%
10 Val d'Arryn
31%
22 Bief
29%
33 Lys
24%
20 Terres de l'Orage
24%
18 Terres de l'Ouest
24%
38 Baie des Serfs
14%
14 Terres de la Couronne
14%
36 Qohor
12%
37 Tyrosh
12%
45 Désert Rouge
7%
3 Neck
7%
32 Lorath
5%
35 Norvos
5%
28 Cités libres
2%
50 Sothoryos
2%
15 fief
0%
44 Lhazar
0%
Aucun quiz correspondant
Distribution des résultats
% des personnes avec chaque résultat
Percentile par nombre de réponses
Votre historique - résultats
Vous n’avez pas pris ce quiz